000 00452nam a2200193Ia 4500
008 240509s9999 xx 000 0 und d
020 _a0000789701812
041 _aEng
082 _a004.64
082 _bZ11
100 _aZACKER C. & DOYLE P.
245 0 _aUPGRADING AND REPAIRING NETWORKS
260 _bINDIANA : QUE
260 _c1996
300 _a1128 p.
650 _aCOMMUNICATION NETWORKS : HARDWARE
942 _2ddc
942 _cLBK
999 _c22347
_d22347
945 _a1
_bMadushi Gamage
_c1
_dMadushi Gamage